| 000 | 00446nam a2200157Ia 4500 | ||
|---|---|---|---|
| 008 | 220216s9999 xx 000 0 und d | ||
| 100 | _aNag A | ||
| 245 | 0 | _aStudies on a newer process of purification of a vegetable oil and its utilization as factice | |
| 260 |
_bKautschuk Gummi Kunststoffe _c2006 |
||
| 300 | _a322-327 | ||
| 650 | _aCgarred saw dust | ||
| 650 | _aFactice | ||
| 650 | _aVegetable oil | ||
| 700 | _aHaldar S K | ||
| 942 | _cJS | ||
| 999 |
_c69541 _d69541 |
||